000 00563cam a2200145 4500500
005 20251228090813.0
041 _afre
042 _adc
100 1 0 _aFaguer, Nicolas
_eauthor
245 0 0 _aCamille Riquier, Philosophie de Péguy ou les mémoires d’un imbécile PUF, 2017, 549 pages, 23 €.
260 _c2017.
500 _a36
786 0 _nBulletin de l’Amitié Charles Péguy | 159 | 3 | 2017-04-18 | p. 312-314 | 0180-8567
856 4 1 _uhttps://shs.cairn.info/revue-bulletin-de-lamitie-charles-peguy-2017-3-page-312?lang=fr&redirect-ssocas=7080
999 _c1602739
_d1602739